| 000 | 01372nam a22002657a 4500 | ||
|---|---|---|---|
| 001 | 216219491 | ||
| 003 | UA-OsUOA | ||
| 005 | 20250822100201.0 | ||
| 008 | 201020b -uk||||g |||| 00| f eng d | ||
| 020 | _a9780140620269 | ||
| 040 |
_aUA-OsUOA _bukr _cUA-OsUOA _dUA-OsUOA |
||
| 041 | _aeng | ||
| 080 | _a821.111(410) | ||
| 090 |
_a821.111(410) _bD53 |
||
| 100 |
_aDickens C. _921917 |
||
| 245 |
_aDavid Copperfield _cCharles Dickens |
||
| 260 |
_aLondon _bPenguin Books _c1994 |
||
| 300 | _a723 p. | ||
| 490 | _aPenguin Popular Classics | ||
| 520 | _a'Of my books, I like this the best' Charles Dickens David Copperfield relates the story of his life transmuting many of the early experiences of his creator right from his birth to his attainment of settled maturity and successful authorship. On his journey, David encounters a gallery of memorable characters, kind, cruel or grotesque: Mr Micawber, Uriah Heep and Steerforth are among the many who shape his development. By turns absorbingly comic, dramatic, ironic and tender, the novel brings into energetic life the society and preoccupations of the mid-Victorian world. | ||
| 650 |
_a821 Художня література окремими мовами і мовними сім'ями _2UDC |
||
| 942 |
_2udc _cBK |
||
| 955 | _a3 | ||
| 999 |
_c283280 _d283280 |
||